| 000 | 00000nam 2200000zi 4500 |
| 001 | 9.936742 |
| 003 | CaOODSP |
| 005 | 20251031142449 |
| 006 | m o d f |
| 007 | cr cn||||||||| |
| 008 | 240412t20242024oncdab o f000 0 eng d |
| 020 | |a9780660713571 |
| 040 | |aCaOODSP|beng|erda|cCaOODSP |
| 043 | |an-cn-ns |
| 086 | 1 |aM183-2/9179E-PDF |
| 100 | 1 |aCampbell, D. C. |q(D. Calvin)|eauthor. |
| 245 | 10|aRRS Discovery Expedition 2023-003 (DY169 leg 01) : |bseabed investigations of the eastern Scotian Shelf and canyons, offshore Nova Scotia / |cD.C. Campbell, A. Normandeau, P-A Desiage, T. Ballinger, L. Campbell, J. Evans, C. Greaves, H. King, J. Garner, M. Leger, D. Manning, M. Maltby, A. Moore, P. Meslin, E.R. Patton, P.E. Pledge, and A. Robertson. |
| 264 | 1|a[Ottawa] : |bGeological Survey of Canada, |c2024. |
| 264 | 4|c©2024 |
| 300 | |a1 online resource (126 pages) : |bcharts, illustrations, maps. |
| 336 | |atext|btxt|2rdacontent |
| 337 | |acomputer|bc|2rdamedia |
| 338 | |aonline resource|bcr|2rdacarrier |
| 490 | 1 |aOpen file, |x2816-7155 ; |v9179 |
| 520 | |a"The primary objective of 2023-003 was to conduct seabed mapping, sampling, and a mooring deployment to understand the geological history and modern geological processes around Middle Bank and the Eastern Canyons areas on the Scotian Shelf"--page 3. |
| 650 | 0|aMarine sediments|xSampling|zScotian Shelf. |
| 650 | 0|aGeological mapping|zScotian Shelf. |
| 650 | 6|aSédiments marins|xÉchantillonnage|zNéo-écossaise, Plateforme. |
| 650 | 6|aCartographie géologique|zNéo-écossaise, Plateforme. |
| 710 | 2 |aGeological Survey of Canada, |eissuing body. |
| 830 | #0|aOpen file (Geological Survey of Canada)|x2816-7155 ; |v9179.|w(CaOODSP)9.506878 |
| 856 | 40|qPDF|s229 MB|uhttps://publications.gc.ca/collections/collection_2025/rncan-nrcan/m183-2/M183-2-9179-eng.pdf |
| 856 | 4 |qHTML|sN/A|uhttps://doi.org/10.4095/p0h1q1jn7y |